00655nam a22001937a 4500999001900000005001700019010001500036020002600051035001400077037000900091082001200100100001500112245004100127260003700168270008000205300002800285942002600313952012200339 c186177d18617720220216100539.0 aENG-131610 a9789380828695c600.00 aEN-115142 bDBAD a954.035 aDhar, Anuj aIndia's Biggest Cover-Up/cAnuj Dhar aNew DelhibRenu Kaul Vermac2018 a2/15, Ansari Road, DaryaganjbNew Delhie110002minfo@vitastapublishing.com a425p.bNotesc23cm(hbk) 2ddccENh954.035mDHA 001040708NFICaBNbBNd2022-02-16eDBAD/PUBg600.00l0o954.035 DHApEN-115142r2022-02-16 00:00:00t1v600.00yEN